Pokemon 5-letter Chain - Statistics

General Stats
  • This quiz has been taken 42 times
  • The average score is 24 of 34
Answer Stats
Hint Answer % Correct
Purple snake Pokemon Ekans
100%
Unova fire starter Tepig
97%
Can be slathered on orange trees to attract rare Pokémon Honey
94%
Camel-like Pokemon Numel
94%
Counterpart game to Alpha Sapphire, _____ Ruby Omega
94%
Counterpart of Sawk Throh
94%
Flying type move that recovers 50% HP Roost
91%
A large, red Pokémon that resembles a dragonfly Yanma
91%
Monkey-like, the ‘Long Tail’ Pokemon Aipom
84%
Lake Valor’s fairy-like resident Azelf
84%
Changes Arceus’ type to Fire Flame
84%
Ability that boosts attack when knocking out a Pokemon Moxie
84%
Wally’s first Pokemon Ralts
84%
Inflicts damage and removes binding moves and Leech Seed, _____ Spin Rapid
84%
Ability that prevents a Pokemon from escaping, _____ Trap Arena
81%
Changes Arceus’ type to Dragon Draco
81%
Powers up Fire-type moves when the Pokémon's HP is low Blaze
78%
Restores 10 PP for one of a Pokemon’s moves Ether
72%
Also from gen 3, ‘Water Weed’ Pokemon Lotad
72%
Inflicts damage and has 99.6% chance to steal the target's held item Thief
72%
Signature ability of Mega Rayquaza, _____ Stream Delta
69%
A held item that allows the user to flee from any wild Pokémon battle, _____ Ball Smoke
69%
Fossil that revives Shieldon Armor
59%
Canonical name for the protagonist of (Heart)gold, (Soul)silver & Crystal Ethan
59%
Name of the badge given by Roxie Toxic
59%
Gym badge given by Team Rocket’s boss Earth
53%
Ability that prevents other Pokémon from lowering the Attack stat, _____ Cutter Hyper
53%
Gym leader of Cianwood City Chuck
44%
The gym leader of Cyllage City Grant
44%
A Poke Ball favoured in the Bug Catching Contest Sport
38%
Fossil that revives Tirtouga Cover
31%
Survival Area, Resort Area, _____ Area Fight
31%
Badge given by Fantina Relic
19%
Lowers effectiveness of a super effective Ghost-type move Kasib
6%
No matching quizzes found
Score Distribution
Percent of People with Each Score
Percentile by Number Answered
Your Score History
You have not taken this quiz